| 000 | 00715nam a22002297a 4500 | ||
|---|---|---|---|
| 999 |
_c5443 _d5443 |
||
| 003 | AR-CdUCM | ||
| 008 | 190312b ||||| |||| 00| 0 spa d | ||
| 040 |
_aMUNICIPALIDAD PROVINCIAL DEL CUSCO _cBIBLIOTECA MUNICIPAL DEL CUSCO |
||
| 082 |
_a103 / _bF43 |
||
| 100 |
_aFerrater Mora, José _916378 |
||
| 245 | _aDiccionario de Filosofía abreviado / | ||
| 260 |
_aBuenos Aires : _bSudamericana ; _c1970. |
||
| 300 |
_a478 páginas ; _c18cm |
||
| 440 |
_aColección Índice _916379 |
||
| 505 | _aContenido: Diccionario | ||
| 650 |
_aDiccionario _95196 |
||
| 650 |
_aFilosofía _9395 |
||
| 700 |
_aGarcía Belsunce, Eduardo _916380 |
||
| 700 |
_aOlaso, Ezequiel de _916381 |
||
| 942 |
_2ddc _cLIBROS |
||
| 945 | _anom | ||